[Event "Portugal Open 2019"]
[Site "Lisbon"]
[Date "2019.02.02"]
[Round "1.34"]
[White "Damasceno, Jorge"]
[Black "Di Nicolantonio, Lucas"]
[Result "0-1"]
[WhiteElo "1890"]
[BlackElo "2364"]
[Annotator "NA RC"]
[PlyCount "40"]
[EventDate "2019.01.25"]
[EventType "swiss"]
[EventCountry "POR"]
[SourceTitle "playchess.com"]
[Source "ChessBase"]
[SourceQuality "1"]
[TimeControl "5400+30"]

1. Nf3 {[%emt 0:00:00]} g6 {[%emt 0:00:00]} 2. d4 {[%emt 0:00:00]} Bg7 {[%emt 0:00:01]} 3. c4 {[%emt 0:00:17]} f5 {[%emt 0:01:06]} 4. Nc3 {[%emt 0:00:50]} Nf6 {[%emt 0:00:12]} 5. g3 {[%emt 0:00:56]} d6 {[%emt 0:00:39]} 6. Bg2 {[%emt 0:00:32]} O-O {[%emt 0:00:07]} 7. O-O {[%emt 0:00:04]} Nc6 {[%emt 0:00:31]} 8. d5 {[%emt 0:01:33]} Ne5 {[%emt 0:00:08]} 9. Nxe5 {[%emt 0:07:35]} dxe5 {[%emt 0:00:42]} 10. e4 {[%emt 0:00:52]} f4 {[%emt 0:00:58]} 11. b3 {[%emt 0:11:24]} g5 {[%emt 0:01:50]} 12. Bb2 {[%emt 0:02:30]} a6 {[%emt 0:07:06]} 13. Qc2 {[%emt 0:05:06]} Qe8 {[%emt 0:02:44]} 14. Rfe1 {[%emt 0:01:27]} Qh5 {[%emt 0:03:31]} 15. d6 {[%emt 0:08:03]} exd6 {[%emt 0:03:06]} 16. Nd5 {[%emt 0:00:52]} f3 {[%emt 0:02:50]} 17. Nxf6+ {[%emt 0:02:22]} Rxf6 {[%emt 0:00:10]} 18. Qd1 {[%emt 0:01:06]} Bg4 {[%emt 0:05:15]} 19. h3 {[%emt 0:04:40]} Bxh3 {[%emt 0:01:21]} 20. Bf1 {[%emt 0:00:41]} Bxf1 {[%emt 0:00:28]} 0-1

[Event "Portugal Open 2019"]
[Site "Lisbon"]
[Date "2019.02.02"]
[Round "1.35"]
[White "Miedema, David"]
[Black "Marques, Rui Filipe Pereira"]
[Result "1-0"]
[WhiteElo "2356"]
[BlackElo "1890"]
[Annotator "TA"]
[PlyCount "189"]
[EventDate "2019.01.25"]
[EventType "swiss"]
[EventCountry "POR"]
[SourceTitle "playchess.com"]
[Source "ChessBase"]
[SourceQuality "1"]

{[%evp 19,189,10,50,71,66,64,126,126,122,136,119,103,102,103,104,102,111,75,79,72,76,68,62,52,81,74,113,-47,-47,-47,-47,-47,-47,-47,-47,-47,-55,-136,-129,-150,-64,-50,-58,-315,-158,-230,-218,-211,0,0,0,0,0,0,0,0,0,0,0,0,0,0,0,0,0,0,0,0,0,0,0,0,0,0,0,0,0,0,0,0,0,0,0,0,0,0,0,0,0,0,0,0,0,0,0,0,0,0,0,0,0,0,0,0,0,0,0,0,0,0,0,0,0,0,0,0,0,0,0,0,0,0,0,0,0,0,0,0,0,0,0,0,0,0,0,0,0,0,0,0,0,0,0,0,0,0,0,0,0,-50,0,0,0,0,0,0,0,0,0,0,0,0,0,0,0,0,0,0,0,0,0,0]} 1. e4 c5 2. Nf3 d6 3. d4 cxd4 (3... Nf6 4. Nc3 cxd4 {1-0 (33) Ivanchuk,V (2726)-Mamedov,R (2709) Huaian 2017}) 4. Nxd4 Nf6 5. Nc3 g6 6. Be3 Bg7 7. f3 Nc6 $146 ({Predecessor:} 7... O-O 8. Qd2 {0-1 (27) Ihnat,M (1816)-Bango,L (2107) Trnava 2018}) 8. Qd2 O-O 9. O-O-O d5 10. Kb1 Rb8 11. Ndb5 {[%cal Re4d5] B76: Sicilian Dragon: Yugoslav Attack, 9 g4 and 9 0-0-0} a6 12. Na7 Ra8 (12... e6 $14) (12... e6 13. Qf2 Bd7 14. exd5 Nxd5 15. Nxd5 exd5 16. Rxd5 Qf6 17. c3 Be6 18. Nxc6 bxc6 {1-0 (33) Ivanchuk,V (2726)-Mamedov,R (2709) Huaian 2017}) 13. Nxc8 $16 {Hoping for Nb6.White is better.} Rxc8 14. Nxd5 ({Predecessor:} 14. exd5 Ne5 15. Bd4 Nc4 16. Bxc4 Rxc4 17. g4 b5 18. g5 Ne4 {0-1 (27) Ihnat,M (1816)-Bango,L (2107) Trnava 2018}) 14... Nxd5 15. exd5 Ne5 16. Be2 Nc4 17. Bxc4 $1 Rxc4 18. d6 exd6 19. Qxd6 Qe8 20. Bc1 Qc8 21. Qd3 Qc6 22. Rhe1 Rc8 {[%cal Rc4c2]} 23. Re2 $2 (23. c3 $16) 23... Rd4 $15 24. Qxd4 $1 Bxd4 25. Rxd4 Re8 26. Rxe8+ Qxe8 {[%mdl 4096] Endgame KQ-KRB} 27. b3 Qe1 {[%mdl 1024] Black has compensation.} 28. h4 ({White should play} 28. h3 $15) 28... h5 $17 29. a4 b5 (29... Kg7 $17 30. Rd7 Qxh4 31. Bb2+ Kf8) 30. Re4 $15 Qh1 31. g4 $2 {[%mdl 8192] [#]} (31. Re8+ $15 Kh7 32. Re7) 31... hxg4 ({Less strong is} 31... Qxf3 32. Re8+ Kg7 33. g5 $17) ({Not} 31... Qxh4 32. gxh5 Qxh5 33. Re8+ Kg7 34. Bb2+ f6 35. Re6 $17) (31... g5 $1 $19 {[%cal Rg5h4]} 32. axb5 axb5 33. hxg5 h4) 32. Re8+ (32. Rxg4 $17 Qxf3 33. Rd4) 32... Kg7 $19 33. fxg4 Qxh4 $2 (33... bxa4 $19 34. bxa4 Qxh4) 34. g5 $1 $11 f6 ({Don't blunder} 34... bxa4 $2 35. Bb2+ f6 36. gxf6+ Kf7 37. Re7+ Kf8 38. Ba3 $18) 35. gxf6+ Kxf6 36. Ra8 bxa4 37. Rxa6+ {[%mdl 64] [#] Double Attack} Kf5 38. Ra5+ Ke6 {And now ...axb3 would win.} 39. Ra6+ Kf5 {aiming for ...axb3.} 40. Ra5+ Ke6 41. Rxa4 Qh1 42. Ra6+ Kf5 43. Ra5+ Ke6 44. Rg5 Kf6 45. Rg4 Kf5 46. Rf4+ Ke5 47. Rf8 Qg1 48. Ra8 Qh1 49. Rb8 Qf1 50. Kb2 Kd5 51. Rb6 Qg1 52. Rb5+ Kc6 53. Rg5 Qd4+ 54. Kb1 Qf6 55. Ka2 Kb7 56. Rb5+ Kc8 57. Rc5+ Kb7 58. Rb5+ Kc8 59. Rc5+ Kb7 60. Bg5 Qa6+ 61. Kb2 Qd6 62. Be3 Qf6+ 63. Kc1 Qf1+ 64. Kd2 Qg2+ 65. Kc3 Qg3 66. Rb5+ Kc8 67. Rc5+ Kb7 68. Kd3 Qg2 69. Rb5+ Kc8 70. Rc5+ Kb7 71. Rb5+ Kc8 {White must now prevent ...Qf1+.} 72. Rg5 Qf1+ 73. Ke4 Qd1 74. Rc5+ Kb7 75. Rb5+ Kc8 76. Rc5+ Kb7 77. Bg5 Qg4+ 78. Kd3 Qf3+ 79. Kc4 Qe2+ 80. Kd5 Qg4 81. Kd6 Qe2 82. Be7 Qg4 83. Rb5+ Kc8 84. Re5 Kb7 (84... Qd7+ {feels hotter.} 85. Kc5 Qd1 86. b4 Qxc2+ 87. Kd6 Qc7+) 85. Rc5 {The position is equal.} (85. Rb5+ {looks sharper.}) 85... Qh3 86. b4 Qg3+ 87. Ke6 Qe3+ 88. Kf7 Qe4 89. c3 Qe3 90. Bf6 Qh6 91. Rg5 Qh1 92. Rb5+ Kc6 93. Rg5 Kd7 94. Kxg6 Qe4+ 95. Kg7 {[%mdl 32768] Accuracy: White = 61%, Black = 56%. . Sensor Board Error (Ke4/e5)?} 1-0

[Event "Portugal Open 2019"]
[Site "Lisbon"]
[Date "2019.02.02"]
[Round "1.36"]
[White "Nikula, Mikko"]
[Black "Rocha, Sergio"]
[Result "0-1"]
[WhiteElo "1889"]
[BlackElo "2354"]
[Annotator "RC"]
[PlyCount "100"]
[EventDate "2019.01.25"]
[EventType "swiss"]
[EventCountry "POR"]
[SourceTitle "playchess.com"]
[Source "ChessBase"]
[SourceQuality "1"]
[TimeControl "5400+30"]

1. e4 d6 2. d4 Nf6 3. Nc3 a6 4. Be3 g6 5. Qd2 Nbd7 6. f3 b5 7. a4 b4 8. Nd1 Rb8 9. c3 bxc3 10. bxc3 c5 11. Bd3 Qa5 12. Ne2 Bg7 13. O-O O-O 14. Nf2 Nb6 15. Rfb1 Be6 16. d5 Bd7 17. Qa2 Rfc8 18. c4 Ne8 19. Bd2 Qxa4 20. Nc3 Qxa2 21. Rxa2 Nc7 22. Rab2 Nca8 23. Ra2 Bxc3 24. Bxc3 Na4 25. Nd1 Rxb1 26. Bxb1 Rb8 27. Bc2 Nxc3 28. Nxc3 Nc7 29. Ba4 Bxa4 30. Rxa4 Rb3 31. Ne2 {[%emt 1:36:53]} Kf8 32. Kf2 Ke8 {[%emt 1:06:35]} 33. Ke1 Kd7 34. Kd2 Rb2+ 35. Kd3 Kc8 36. g3 Kb7 37. h4 Na8 38. Ra1 Nb6 39. f4 Nxc4 40. Nc3 {[%emt 0:06:51]} Nb6 {[%emt 0:05:35]} 41. e5 {[%emt 0:01:32]} Rg2 {[%emt 0:04:09]} 42. Ne4 {[%emt 0:01:50]} Nxd5 {[%emt 0:01:03]} 43. exd6 {[%emt 0:00:19]} Nb4+ {[%emt 0:00:17]} 44. Kc4 {[%emt 0:00:27]} exd6 {[%emt 0:00:27]} 45. Nxd6+ {[%emt 0:00:13]} Kb6 {[%emt 0:01:17]} 46. Nc8+ {[%emt 0:02:17]} Kc7 {[%emt 0:04:24]} 47. Kxc5 {[%emt 0:00:33]} Kxc8 {[%emt 0:02:20]} 48. Kxb4 {[%emt 0:00:08]} Rxg3 {[%emt 0:00:06]} 49. Rxa6 {[%emt 0:00:18]} Kd7 {[%emt 0:00:35]} 50. h5 {[%emt 0:02:25]} Rg4 {[%emt 0:00:21]} 0-1

[Event "Portugal Open 2019"]
[Site "Lisbon"]
[Date "2019.02.02"]
[Round "1.37"]
[White "Tryggestad, Andreas Garberg"]
[Black "Fanha, Paulo"]
[Result "1/2-1/2"]
[WhiteElo "2351"]
[BlackElo "1884"]
[Annotator "TA"]
[PlyCount "79"]
[EventDate "2019.01.25"]
[EventType "swiss"]
[EventCountry "POR"]
[SourceTitle "playchess.com"]
[Source "ChessBase"]
[SourceQuality "1"]

{[%evp 9,79,8,16,13,29,22,20,8,10,-7,2,0,37,18,32,14,86,33,37,13,27,-10,0,0,33,38,47,39,31,33,52,22,22,27,33,36,44,56,43,20,40,0,0,0,0,0,4,0,26,0,14,0,0,0,0,0,13,0,16,0,0,0,0,0,0,-12,-9,-5,0,-35,-23,-41]} 1. e4 c5 2. c3 d5 3. exd5 Nf6 4. Bb5+ Nbd7 5. Nf3 (5. c4 a6 6. Bxd7+ Qxd7 7. d4 e6 8. Nf3 exd5 9. O-O dxc4 10. Qe2+ Be7 11. dxc5 O-O 12. Qxc4 {0-1 (39) Zumsande,M (2432)-Berg,E (2555) Germany 2015}) 5... Nxd5 6. d4 {B22: Sicilian: 2 c3} e6 7. O-O Be7 $146 ({Predecessor:} 7... a6 8. Bxd7+ Bxd7 9. Re1 Be7 10. Nbd2 cxd4 11. c4 O-O 12. a3 Rc8 {½-½ (12) Kevorkov,A (2238)-Homuth,M (2129) Eckernfoerde 2016}) 8. Nbd2 {The position is equal.} a6 9. Bd3 cxd4 10. Nxd4 Ne5 11. Bc2 Qc7 12. Re1 Nc6 (12... O-O $11 {remains equal.}) 13. Ne4 (13. Nxc6 $16 bxc6 14. Qh5) 13... Bd7 14. Nb3 O-O-O 15. Qf3 Ne5 16. Qg3 $1 Ng6 17. Qxc7+ Kxc7 18. Ng5 Bxg5 19. Bxg5 f6 20. Bd2 e5 21. c4 Ndf4 22. c5 {Threatens to win with Ba5+.} Kb8 23. g3 Ne6 24. Be4 Ba4 {[#] aiming for ...Bxb3.} 25. Be3 {Threatening Na5.} Ne7 26. Na5 Bc6 27. Nxc6+ Nxc6 28. Rac1 Ncd4 29. Bg2 Rc8 30. b4 g5 31. Kf1 h5 32. Rc4 Rhd8 33. a4 Nf5 34. Rec1 Nxe3+ 35. fxe3 f5 36. c6 e4 37. b5 axb5 38. axb5 Rd5 39. Rb4 Rcd8 40. Rbc4 {Precision: White = 37%, Black = 44%.} 1/2-1/2

[Event "Portugal Open 2019"]
[Site "Lisbon"]
[Date "2019.02.02"]
[Round "1.38"]
[White "Newton, Andrew"]
[Black "Plichta, Kamil"]
[Result "1-0"]
[WhiteElo "1883"]
[BlackElo "2347"]
[Annotator "NA RC"]
[PlyCount "73"]
[EventDate "2019.01.25"]
[EventType "swiss"]
[EventCountry "POR"]
[SourceTitle "playchess.com"]
[Source "ChessBase"]
[SourceQuality "1"]
[TimeControl "5400+30"]

1. e4 {[%emt 0:00:00]} d6 {[%emt 0:00:09]} 2. d4 {[%emt 0:00:00]} Nf6 {[%emt 0:00:07]} 3. Nc3 {[%emt 0:00:00]} g6 {[%emt 0:00:07]} 4. Bg5 {[%emt 0:00:23]} c6 {[%emt 0:03:09]} 5. Qd2 {[%emt 0:07:22]} Nbd7 {[%emt 0:01:33]} 6. O-O-O {[%emt 0:05:17]} b5 {[%emt 0:02:54]} 7. e5 {[%emt 0:09:44]} b4 {[%emt 0:01:57]} 8. exf6 {[%emt 0:03:06]} bxc3 {[%emt 0:02:56]} 9. Qxc3 {[%emt 0:04:53]} Nxf6 {[%emt 0:02:25]} 10. Bxf6 {[%emt 0:04:37]} exf6 {[%emt 0:00:48]} 11. Qxc6+ {[%emt 0:00:47]} Bd7 {[%emt 0:00:07]} 12. Re1+ {[%emt 0:00:12]} Be7 {[%emt 0:00:06]} 13. Qxd6 {[%emt 0:08:43]} Kf8 {[%emt 0:00:14]} 14. Qd5 {[%emt 0:09:37]} Be6 {[%emt 0:10:44]} 15. Qxd8+ {[%emt 0:01:17]} Rxd8 {[%emt 0:00:07]} 16. Nf3 {[%emt 0:01:43]} Bd5 {[%emt 0:02:22]} 17. Rd1 {[%emt 0:06:40]} g5 {[%emt 0:02:37]} 18. c4 {[%emt 0:02:49]} Be4 {[%emt 0:01:23]} 19. d5 {[%emt 0:06:28]} Bc5 {[%emt 0:02:09]} 20. Nd2 {[%emt 0:03:15]} Bg6 {[%emt 0:01:30]} 21. f3 {[%emt 0:00:30]} Kg7 {[%emt 0:01:59]} 22. Ne4 {[%emt 0:02:17]} Be3+ {[%emt 0:00:06]} 23. Kc2 {[%emt 0:00:41]} h5 {[%emt 0:02:10]} 24. Bd3 {[%emt 0:02:20]} h4 {[%emt 0:00:21]} 25. Rhe1 {[%emt 0:01:05]} Bf4 {[%emt 0:01:23]} 26. h3 f5 {[%emt 0:02:39]} 27. Nc3 {[%emt 0:01:57]} Bd6 28. a3 {[%emt 0:02:02]} Kf6 {[%emt 0:00:51]} 29. Nb5 {[%emt 0:01:40]} Bg3 {[%emt 0:00:38]} 30. Re2 {[%emt 0:00:19]} Rd7 {[%emt 0:01:15]} 31. b4 {[%emt 0:01:23]} Be5 {[%emt 0:03:05]} 32. Rde1 {[%emt 0:01:39]} Bg3 {[%emt 0:00:02]} 33. Re8 {[%emt 0:00:48]} Bxe1 {[%emt 0:02:38]} 34. Rxh8 {[%emt 0:00:05]} Bf2 {[%emt 0:04:11]} 35. Re8 {[%emt 0:01:38]} f4 {[%emt 0:00:40]} 36. Nc3 {[%emt 0:01:12]} Be3 {[%emt 0:00:27]} 37. c5 {[%emt 0:01:47]} 1-0

[Event "Portugal Open 2019"]
[Site "Lisbon"]
[Date "2019.02.02"]
[Round "1.39"]
[White "Aguera Naredo, Javier"]
[Black "Simoes, Miguel Patricio"]
[Result "1-0"]
[WhiteElo "2346"]
[BlackElo "1881"]
[Annotator "TA"]
[PlyCount "81"]
[EventDate "2019.01.25"]
[EventType "swiss"]
[EventCountry "POR"]
[SourceTitle "playchess.com"]
[Source "ChessBase"]
[SourceQuality "1"]

{[%evp 9,81,12,32,33,45,36,51,47,43,48,68,67,52,63,56,43,66,31,101,92,96,97,132,120,110,118,111,112,141,129,112,50,45,25,40,33,37,39,21,16,35,37,31,56,100,97,96,99,95,96,102,102,114,104,105,12,477,499,629,689,635,617,1065,1336,2418,2239,2455,2408,2078,1895,4702,3030,5639,4802]} 1. e4 e5 2. Bc4 ({Predecessor:} 2. Nc3 Nc6 3. Bc4 Nf6 4. d3 {0-1 (41) Ivanov,I (1844)-Dementieva,K (1356) Kimry 2017}) 2... Nf6 3. d3 h6 4. Nc3 Nc6 5. a3 $146 (5. f4 Bb4 6. Nf3 d6 7. O-O O-O 8. Nd5 Bc5+ 9. Kh1 Bg4 {½-½ (9) So,W (2531)-Dao,T (2530) Manila 2007}) 5... d6 6. Nge2 {C28: Vienna Game: 2...Nf6 3 Bc4 Nc6} Be7 7. O-O O-O 8. f4 {White is slightly better.} Bg4 9. h3 ({Predecessor:} 9. Qe1 exf4 10. Nxf4 Nd4 11. Be3 Nxc2 12. Qg3 Nxa1 13. Rxa1 {0-1 (41) Ivanov,I (1844)-Dementieva,K (1356) Kimry 2017}) 9... Bxe2 10. Qxe2 Nd4 11. Qf2 Ne6 12. f5 Nd4 13. Be3 c5 (13... c6 $14) 14. Nd5 $36 {[%mdl 2048] White is on the roll.} Nxd5 15. Bxd5 Bf6 16. c3 Nc6 17. b4 cxb4 18. axb4 {Threatens to win with b5.} a6 19. Rab1 Qd7 20. b5 ({White should play} 20. Bb3 $16) 20... Ne7 $14 21. bxa6 Nxd5 22. axb7 Rab8 23. exd5 Rxb7 24. c4 Rfb8 25. Rxb7 Qxb7 26. Qa2 Qb3 {[#]} 27. Qxb3 $1 Rxb3 $16 {[%mdl 4096] Endgame KRB-KRB} 28. Rd1 e4 29. Bf4 Bd4+ 30. Kf1 e3 {...Rb2 is the strong threat.} 31. Re1 ({Of course not} 31. Bxd6 $6 Rb2 $11) 31... Rxd3 {[#]} 32. Bxd6 (32. Ke2 $1 $16 {[%cal Re2d3]} Rd2+ 33. Kf3) 32... Bc3 $2 {[%mdl 8192]} (32... Rd2 $1 $11 {and Black has nothing to worry.}) 33. Rc1 $18 {White is clearly winning.} Bb2 34. Rc2 Bf6 35. Ke2 Rb3 36. c5 Ra3 37. c6 Ra8 38. c7 Rc8 39. Kxe3 g6 40. Bb4 Be5 41. d6 {Accuracy: White = 69%, Black = 45%.} 1-0

[Event "Portugal Open 2019"]
[Site "Lisbon"]
[Date "2019.02.02"]
[Round "1.40"]
[White "Morejko, Wojciech"]
[Black "Pantzar, Milton"]
[Result "0-1"]
[WhiteElo "1879"]
[BlackElo "2331"]
[Annotator "RC"]
[PlyCount "82"]
[EventDate "2019.01.25"]
[EventType "swiss"]
[EventCountry "POR"]
[SourceTitle "playchess.com"]
[Source "ChessBase"]
[SourceQuality "1"]
[TimeControl "5400+30"]

1. c4 {[%emt 0:00:00]} e6 {[%emt 0:00:00]} 2. d4 {[%emt 0:00:17]} d5 {[%emt 0:00:09]} 3. g3 {[%emt 0:00:18]} Nf6 {[%emt 0:01:32]} 4. Bg2 {[%emt 0:00:25]} Bb4+ {[%emt 0:00:39]} 5. Bd2 {[%emt 0:00:27]} Be7 {[%emt 0:00:30]} 6. Nf3 {[%emt 0:00:44]} O-O {[%emt 0:00:44]} 7. O-O {[%emt 0:00:26]} c6 {[%emt 0:02:26]} 8. Qc2 {[%emt 0:02:00]} Nbd7 {[%emt 0:04:14]} 9. Bf4 {[%emt 0:01:09]} Ne4 {[%emt 0:07:21]} 10. Nc3 {[%emt 0:08:01]} g5 {[%emt 0:02:36]} 11. Bc1 {[%emt 0:03:13]} f5 {[%emt 0:04:30]} 12. cxd5 {[%emt 0:01:05]} exd5 {[%emt 0:01:18]} 13. Rd1 {[%emt 0:09:47]} h6 {[%emt 0:10:42]} 14. Ne5 {[%emt 0:09:52]} Nxe5 15. dxe5 {[%emt 0:02:20]} Qe8 {[%emt 0:07:51]} 16. Nxe4 {[%emt 0:20:40]} fxe4 {[%emt 0:01:35]} 17. Be3 {[%emt 0:02:20]} Bg4 {[%emt 0:11:05]} 18. h3 {[%emt 0:04:22]} Be6 {[%emt 0:01:05]} 19. Rac1 {[%emt 0:05:55]} Rf7 {[%emt 0:13:13]} 20. Rf1 {[%emt 0:08:11]} c5 {[%emt 0:07:54]} 21. Rcd1 {[%emt 0:10:20]} Bf8 {[%emt 0:15:29]} 22. Kh2 {[%emt 0:03:23]} Rd8 {[%emt 0:02:14]} 23. Bc1 {[%emt 0:01:01]} Bf5 {[%emt 0:00:22]} 24. Qb3 {[%emt 0:02:17]} Qxe5 {[%emt 0:00:52]} 25. f4 {[%emt 0:01:51]} exf3 {[%emt 0:00:17]} 26. exf3 {[%emt 0:00:55]} c4 {[%emt 0:01:00]} 27. Qb5 {[%emt 0:00:38]} Bd3 {[%emt 0:01:54]} 28. Rfe1 {[%emt 0:00:50]} Qd6 {[%emt 0:01:35]} 29. f4 {[%emt 0:00:48]} a6 {[%emt 0:00:27]} 30. Qa5 {[%emt 0:00:33]} b6 {[%emt 0:00:37]} 31. Qc3 {[%emt 0:00:49]} Bg7 {[%emt 0:00:26]} 32. Qd2 {[%emt 0:00:21]} gxf4 {[%emt 0:00:04]} 33. gxf4 {[%emt 0:00:14]} Rdf8 {[%emt 0:00:42]} 34. Qf2 {[%emt 0:00:28]} Kh8 {[%emt 0:00:24]} 35. Kh1 {[%emt 0:00:33]} Rf5 {[%emt 0:00:29]} 36. a3 {[%emt 0:00:51]} d4 {[%emt 0:00:24]} 37. b3 {[%emt 0:00:24]} b5 {[%emt 0:00:09]} 38. bxc4 {[%emt 0:00:08]} bxc4 {[%emt 0:00:01]} 39. Qf3 {[%emt 0:00:59]} Bc2 {[%emt 0:00:36]} 40. Bb2 {[%emt 0:00:27]} Bxd1 {[%emt 0:00:11]} 41. Rxd1 {[%emt 0:00:05]} Rxf4 {[%emt 0:00:09]} 0-1

[Event "Portugal Open 2019"]
[Site "Lisbon"]
[Date "2019.02.03"]
[Round "2"]
[White "Iturrizaga Bonelli, Eduardo"]
[Black "Boucquet, Emile"]
[Result "1-0"]
[WhiteElo "2640"]
[BlackElo "2213"]
[Annotator "TA"]
[PlyCount "103"]
[EventDate "2019.01.25"]
[EventType "swiss"]
[EventCountry "POR"]
[SourceTitle "playchess.com"]
[Source "ChessBase"]
[SourceQuality "1"]

{[%evp 10,103,0,0,0,0,0,0,-2,-19,0,0,0,-8,0,-17,2,-47,-25,-39,-39,-59,33,15,16,-27,0,-3,-21,-22,-10,-40,-21,-23,41,-1,-2,-14,-16,-31,-15,-25,0,0,0,-10,0,1,35,32,129,0,163,0,6,0,182,12,125,49,42,14,24,25,23,4,2,0,30,7,28,-25,122,118,114,118,106,116,115,105,241,241,343,318,485,485,492,478,482,470,467,474,516,512,519,494]} 1. c4 e6 2. Nf3 d5 $146 ({Predecessor:} 2... Nf6 3. g3 {½-½ (27) Huebner,R (2625)-Unzicker,W (2470) Germany 1986}) 3. g3 Nf6 4. Bg2 dxc4 5. Na3 Bxa3 6. bxa3 Nbd7 {A13: English Opening: 1...e6} 7. Qc2 O-O ({Predecessor:} 7... c5 8. Bb2 {½-½ (27) Huebner,R (2625)-Unzicker,W (2470) Germany 1986}) 8. Bb2 c5 {The position is equal.} 9. O-O Qc7 10. a4 ({Predecessor:} 10. Qxc4 b6 11. Rfc1 Bb7 {½-½ (27) Huebner,R (2625)-Unzicker,W (2470) Germany 1986}) 10... b6 11. Qxc4 Bb7 12. Rfc1 Bd5 ({Predecessor:} 12... Rac8 13. d3 Bc6 14. Nd2 Bxg2 15. Kxg2 {½-½ (27) Huebner,R (2625)-Unzicker,W (2470) Germany 1986}) 13. Qh4 e5 14. a5 Rfe8 15. d3 Qb7 (15... h6 $15) 16. e4 $14 Bc6 17. axb6 axb6 18. g4 {And now g5 would win.} h6 19. g5 hxg5 20. Qxg5 {[%cal Rf3e5]} ({Of course not} 20. Nxg5 Nf8 $17) 20... Nh7 21. Qg3 {[%cal Rb2e5]} Re6 (21... f6 $11) 22. Bxe5 {[%csl Ge5][%cal Rg3g7]} Rg6 23. Qf4 Re8 {Hoping for ...Ng5!} 24. h4 $1 Nhf6 25. Bxf6 $1 Nxf6 (25... Rxf6 {is more complex.} 26. Qe3 Ba4 27. h5 Rh6 28. Qg5 Ne5) 26. Ng5 $1 Nh7 27. Rab1 {aiming for Rxc5.} Nxg5 28. hxg5 {White wants to play Rxc5!} Qa6 29. Rb3 Bb5 {[#]} (29... Qa5 $14) 30. Rcc3 (30. d4 $1 $16 {[%mdl 512]}) 30... Rd8 $2 (30... Qa4 $11 {and Black has nothing to worry.}) 31. Qc7 $2 (31. d4 $1 $18) 31... Rc8 $1 $11 {[%cal Rc8c7]} 32. Qf4 $2 (32. Qg3 $11) 32... Rd8 $18 {[#]} 33. Qe3 $2 (33. d4 $1 $18 {[%mdl 512]}) 33... Rgd6 {[#]} (33... Be8 $11) 34. Ra3 (34. e5 $1 $16 {[%cal Re5d6]} Re6 35. Ra3) 34... Qc8 $1 $14 35. Bh3 Bd7 36. Bf1 Bc6 37. Be2 Qe6 38. Qg3 Rd4 39. Ra7 g6 40. Qf4 ({White should try} 40. Qf3) 40... R4d7 (40... Bxe4 $1 $11 {remains equal.} 41. dxe4 Rxe4) 41. Bg4 $16 Qd6 42. Qxd6 Rxd6 43. Be2 R6d7 44. Ra6 Rb8 {[#]} (44... Bb5 $16 45. Rxb6 Bxd3) 45. a4 $1 $18 {[%cal Ba2a4,Ba4a5][%mdl 32]} Rd4 (45... Rc7 $142 46. a5 bxa5 47. Rxc5 (47. Rxa5 Rb1+ 48. Kg2 Bb5 $16) 47... Bb5 48. Rxg6+ (48. Rxc7 Bxa6 49. Ra7 Rb6 $16) 48... fxg6 49. Rxc7 Ra8) 46. a5 Ra4 (46... Rb4 {keeps fighting.} 47. Rxb6 R8xb6) 47. Rxb6 {White is clearly winning.} Rxb6 48. axb6 Rb4 49. Rxc5 Rxb6 50. f3 Rb1+ 51. Kf2 Bb5 52. d4 {Accuracy: White = 39%, Black = 38%.} 1-0

[Event "Portugal Open 2019"]
[Site "Lisbon"]
[Date "2019.02.03"]
[Round "2"]
[White "Bernadskiy, Vitaliy"]
[Black "Vasques, Antonio Pedro Freix"]
[Result "1-0"]
[WhiteElo "2570"]
[BlackElo "2210"]
[Annotator "TA"]
[PlyCount "73"]
[EventDate "2019.01.25"]
[EventType "swiss"]
[EventCountry "POR"]
[SourceTitle "playchess.com"]
[Source "ChessBase"]
[SourceQuality "1"]

{[%evp 13,73,24,68,39,90,34,67,43,43,39,115,105,143,158,229,174,177,83,82,83,125,126,141,43,56,50,147,114,187,98,81,7,182,179,166,158,206,193,203,186,199,187,182,191,423,422,461,473,446,242,344,332,327,297,29979,29980,29988,29989,29995,29996,29996,670]} 1. e4 c5 2. Nf3 e6 ({Predecessor:} 2... Nc6 3. d4 cxd4 4. Nxd4 {0-1 (47) Dagkonaki,A (1351)-Pavlidou,E (2164) Crete 2018}) 3. d4 cxd4 4. Nxd4 Nc6 5. Nc3 Qc7 6. g3 a6 7. Bg2 Nge7 8. Nf3 $146 {B47: Sicilian: Taimanov: 5 Nc3 Qc7 6 f4, 6 g3 and 6 Be2} (8. Be3 d6 9. a4 Nxd4 10. Qxd4 Nc6 11. Qb6 Qxb6 12. Bxb6 Bd7 13. f4 Rc8 14. O-O-O Be7 15. Rd2 Nb8 {½-½ (32) Moussard,J (2579)-Fedorchuk,S (2607) Cap d'Agde 2018}) 8... b5 (8... Ng6 $14) ({Predecessor:} 8... Ng6 9. O-O Bc5 10. Ne2 O-O 11. c3 b5 12. a3 Bb7 13. Qc2 Rac8 14. Nf4 Nxf4 15. Bxf4 e5 {0-1 (47) Dagkonaki,A (1351)-Pavlidou,E (2164) Crete 2018}) 9. O-O (9. Bf4 $16 Qd8 10. Bd6) 9... Bb7 10. a4 {White is slightly better.} b4 11. Nd5 Nxd5 (11... exd5 $14 12. exd5 Nd8) 12. exd5 $16 {Hoping for Bf4.} Na5 13. Bf4 Qc5 (13... Qc8 $16) 14. Ng5 Rc8 15. c3 (15. Re1 $18 {has better winning chances.} Be7 16. Qh5 (16. dxe6 dxe6 17. Nxe6 fxe6 $16) 16... Bxg5 17. Qxg5 (17. Bxg5 O-O $16)) 15... bxc3 16. bxc3 $40 {[%mdl 128] And now Re1 would win. White attacks with force.} Be7 {[%cal Rb7d5]} 17. Ne4 Qc4 18. Qg4 (18. Re1 $1 $16 Bxd5 19. Nd6+ Bxd6 20. Bxd5) 18... g6 $14 {Strongly threatening ...f5.} 19. Nd2 Qc5 (19... Qd3 $14) 20. Be3 h5 (20... Qxc3 $16 {might work better.} 21. Bd4 Qxd2 22. Bxh8 Rc4) 21. Qd1 ({Worse is} 21. Bxc5 hxg4 22. Bb4 Bxb4 $11) (21. Qe2 $18 Qxc3 22. Rac1 $1 {[%mdl 512]}) 21... Qxc3 $16 22. Nf3 ({White should play} 22. Rb1 $16 Bxd5 23. Bxd5 exd5 24. Ne4) 22... Nb3 $2 {[#]} (22... Qg7 $1 $11 {and Black has nothing to worry.}) 23. dxe6 $1 $18 {[%mdl 512]} dxe6 24. Rb1 Bd5 25. Nd4 $1 {aiming for Bxd5.} Nc5 26. Bxd5 exd5 {[#]} 27. Nc6 $1 {[%mdl 512]} Ne6 (27... Rxc6 28. Qxd5) 28. Rc1 Qb2 $2 (28... Qa3) 29. Qxd5 Bf6 30. Qd6 h4 31. g4 (31. Rb1 $142 Qc3 32. Rfc1 {[%mdl 64] Trapped Piece} Rxc6 33. Qxc6+ Qxc6 34. Rxc6) 31... h3 {[#]} (31... Qb7 {was necessary.} 32. Bd4 Bxd4) 32. g5 $1 {[%cal Rg5f6][%mdl 512]} Bd8 {[#]} (32... Nxg5 33. Bxg5) 33. Rfe1 $1 {Black must now prevent Bc5.} Rh4 $2 (33... Qb7 $18 34. Bd4 Be7 35. Qxe7+ (35. Rxe6 fxe6 36. Qxe6 Rxc6 $11) 35... Qxe7 36. Nxe7 {[%mdl 64] Discovered Attack} Rxc1 37. Rxc1 Nxd4 38. Rc8+ Kxe7 39. Rxh8 Nf3+ 40. Kf1 Nxg5) 34. Bc5 {White mates.} Rg4+ 35. Kf1 Qb3 36. Qf8+ Kd7 37. Ne5+ {[%mdl 64] Double Attack. Accuracy: White = 53%, Black = 31%.} 1-0